00000000nam##2200000za#4500
0019.577589
003CaOODSP
00520210624185701
007cr |||||||||||
008150406|2002||||xxc|||||o    f|0| 0 eng|d
040 |aCaOODSP|beng
043 |an-cn---
0861 |aSC91-4/2002E-PDF 
1101 |aCanada.|bCanadian Centre for Management Development.
24510|aChallenges for the South African public service in the context of the new African initiative / |h[electronic resource]|c[by] Geraldine Fraser Moleketi.
260 |aOttawa - Ontario : |bCanadian Centre for Management Development |cMay 2, 2002.
300 |a33p.|btable
4901 |aJohn L. Manion lecture
500 |aThis publication was listed in Supplementary Checklist 13-15-Supp. The catalogue number (SC91-4/2002) and ISBN (0-662-66902-9) for the bilingual print edition have been incorrectly copied in this electronic publication.
69007|aConferences|2gcpds
69007|aFederal government|2gcpds
69007|aPublic administration|2gcpds
77508|tLes défis pour la fonction publique Sud-africaine dans le contexte de la nouvelle initiative africaine / |w(CaOODSP)9.605756
830#0|aJohn L. Manion Lecture.|w(CaOODSP)9.504714
85640|ahttp://publications.gc.ca|qPDF|s639 KB|uhttps://publications.gc.ca/collections/Collection/SC91-4-2002E.pdf